NPCR 1 Lesson 7 Vocabulary M-C - Statistics

General Stats
  • This quiz has been taken 2 times
  • The average score is 16 of 19
Answer Stats
Meaning Character % Correct
to start school 开学
100%
tall
100%
calling card; business card 名片
100%
ah; oh
100%
professor 教授
100%
name 名字
100%
Chinese (language) 中文
100%
major; specialty 专业
100%
beautiful
100%
literature 文学
100%
faculty; department
100%
Canada 加拿大
100%
United States 美国
100%
to open; to start
50%
to watch; to look at; to read
50%
quick and trying actions; softens tone 一下
50%
to introduce 介绍
50%
fine arts 美术
50%
to teach
0%
No matching quizzes found
Score Distribution
Percent of People with Each Score
Percentile by Number Answered
Your Score History
You have not taken this quiz